00654nam a2200217 a 4500001001300000003000900013005001700022008004100039020002300080082001300103100001900116245006900135260002800204300000900232500003500241650001400276902000800290942000700298952011400305999001700419nice12345678IN_TiNIC20260116014216.0070412s2002 dela grp 000 0 eng  a8178291711 c39500a330bFIS aFisher, Thomas aBeyond Micro-Creditbputting Develompent Bank into Micro-Finance aDelhi bSage Pub c2002 a390p aincludes index and biblioraphy aEconomics bSRS cBK 001040708StackRoom-aHMIbHMId2007-04-13g395.00l0o330 FISp021543r2007-04-13v395.00w2007-04-12yBK c14333d14333